000 00497nam a2200181Ia 4500
005 20250326123714.0
008 250326s9999 xx 000 0 und d
037 _aTextbook
040 _aFMSL
_beng
_cFMSL
041 _aeng
_2eng
084 _aX62 M5
_qFMSL
100 _aMarsh J R
_9735857
245 0 _aNew York, ractice of banking 2
_cMarsh J R; Wild D G
260 _aGreat
_bGreat, Britain Pitman
_c1985
300 _a292p
942 _cTB
_hX62 M5
999 _c1270581
_d1270581